| 000 | 00000nam 2200000zi 4500 |
| 001 | 9.945993 |
| 003 | CaOODSP |
| 005 | 20241210092247 |
| 006 | m o d f |
| 007 | cr |n||||||||| |
| 008 | 241209t19711970oncda o f|0| 0 fre d |
| 040 | |aCaOODSP|bfre|erda|cCaOODSP |
| 043 | |an-cn--- |
| 086 | 1 |aNR24-29/1970F-PDF |
| 245 | 03|aLe Code canadien de plomberie 1970. |
| 250 | |aPremière impression - 1971. |
| 264 | 1|aOttawa : |bComité associé sur le Code national du bâtiment, Conseil national de recherches du Canada, |c1971. |
| 264 | 4|c©1970 |
| 300 | |a1 ressource en ligne (ix, 135 pages) : |bgraphiques, illustrations + |eErrata et révisions (10 pages) et Révisions (14 pages) |
| 336 | |atexte|btxt|2rdacontent/fre |
| 337 | |ainformatique|bc|2rdamedia/fre |
| 338 | |aressource en ligne|bcr|2rdacarrier/fre |
| 500 | |aPublié aussi en anglais sous le titre : Canadian Plumbing Code 1970. |
| 500 | |aÉdition numérisée de l’imprimé [par Conseil national de recherches Canada]. |
| 500 | |a« Fondé sur le Code national du bâtiment du Canada 1970. » |
| 500 | |a« NRCC 11559-F. » |
| 650 | 6|aPlomberie|xDroit|zCanada. |
| 650 | 6|aPlomberie|xNormes|zCanada. |
| 710 | 2 |aConseil national de recherches Canada. |bComité associé sur le Code national du bâtiment, |eorganisme de publication. |
| 775 | 08|tCanadian Plumbing Code 1970.|w(CaOODSP)9.945992 |
| 794 | |tCode canadien de la plomberie 1977.|bÉdition 1977|w(CaOODSP)9.946005 |
| 856 | 40|qPDF|s4.99 Mo|uhttps://publications.gc.ca/collections/collection_2024/cnrc-nrc/NR24-29-1970-fra.pdf|zCode |
| 856 | 40|qPDF|s324 Ko|uhttps://publications.gc.ca/collections/collection_2024/cnrc-nrc/NR24-29-1970-2-fra.pdf|zErrata et révisions |
| 856 | 40|qPDF|s531 Ko|uhttps://publications.gc.ca/collections/collection_2024/cnrc-nrc/NR24-29-1970-3-fra.pdf|zRévisions |